| 000 | 00760cab a2200217 4500 | ||
|---|---|---|---|
| 001 | ABS50771 | ||
| 008 | 090401t1994 xxu||||| |||| 00| 0 eng d | ||
| 035 | _a(Sirsi) u41345 | ||
| 041 | _aeng | ||
| 245 | _aSelf-assessment: partnerships and the current year basis of assessment | ||
| 260 | _c1994 | ||
| 350 | _a0 | ||
| 490 |
_aTax Bulletin _vMay 1994, 124-127(4) |
||
| 520 | _aIdentifies changes to the tax regime introduced by the Finance Act 1994 which affect partnerships in particular, concentrating on the rules for current year assessment. Gives worked examples of less straightforward senarios. | ||
| 650 | _aPARTNERSHIPS | ||
| 650 | _aSELF-ASSESSMENT | ||
| 650 | _aTAX ASSESSMENT | ||
| 690 | _aTAXATION | ||
| 942 | _n0 | ||
| 948 | _c04/03/1997 | ||
| 999 |
_c26575 _d26575 |
||